| 000 | 00490nam a2200169Ia 4500 | ||
|---|---|---|---|
| 999 |
_c12708 _d12708 |
||
| 003 | OSt | ||
| 005 | 20201005112104.0 | ||
| 008 | 190216s9999||||xx |||||||||||||| ||und|| | ||
| 020 | _a0460096362 | ||
| 040 | _coclc | ||
| 082 |
_a808.0042 _bGLO/B |
||
| 100 |
_aGlover, A J _94859 |
||
| 245 | 0 |
_aBuild Up Your English / _cA J Glover |
|
| 260 |
_bThe English Language Book Society, _c1975. _aLondon: |
||
| 300 | _a166p | ||
| 942 |
_cBK _2ddc _h808.042 _iGLO/B _k808.042 _mGLO/B |
||